MARC

Tag First Indicator Second Indicator Subfields
LEADER 00000cam a2200000 i 4500
001 in00004635992
006 m o d
007 cr |||||||||||
008 210922s2021 gaub obt s001 0 eng d
005 20230103223605.4
035 |a (OCoLC)on1268930844 
040 |a GUA  |b eng  |e rda  |e pn  |c GUA  |d OCLCO  |d OCLCF  |d JSTOR  |d P@U  |d EBLCP  |d YDX  |d OCLCQ 
019 |a 1303559221  |a 1303670873  |a 1303890214  |a 1304247892  |a 1304337969  |a 1304398715 
020 |a 9780820359946  |q (ebook) 
020 |a 0820359947  |q (ebook) 
020 |z 9780820359922  |q (hardcover) 
020 |z 9780820359939  |q (hardcover) 
020 |z 0820359939 
020 |z 0820359920 
035 |a (OCoLC)1268930844  |z (OCoLC)1303559221  |z (OCoLC)1303670873  |z (OCoLC)1303890214  |z (OCoLC)1304247892  |z (OCoLC)1304337969  |z (OCoLC)1304398715 
037 |a 22573/ctv21c1vc2  |b JSTOR 
043 |a n-us-ga 
050 4 |a F294.G88  |b C6 
072 7 |a HIS  |x 036120  |2 bisacsh 
082 0 4 |a 975.81 
049 |a TXAM 
100 1 |a Coulter, E. Merton  |q (Ellis Merton),  |d 1890-1981,  |e author. 
245 1 0 |a Old Petersburg and the Broad River Valley of Georgia :  |b their rise and decline /  |c Ellis Merton Coulter ; with a new foreword by Keith Hebert. 
264 1 |a Athens :  |b University of Georgia Press,  |c 2021. 
300 |a 1 online resource (xiv, 228 pages) :  |b maps 
336 |a text  |b txt  |2 rdacontent 
337 |a computer  |b c  |2 rdamedia 
338 |a online resource  |b cr  |2 rdacarrier 
504 |a Includes bibliographical references (pages 198-207) and index. 
536 |a The Georgia Open History Library has been made possible in part by a major grant from the National Endowment for the Humanities: Democracy demands wisdom. Any views, findings, conclusions, or recommendations expressed in this collection, do not necessarily represent those of the National Endowment for the Humanities. 
588 0 |a Online resource; title from PDF title page (viewed July 7, 2021) 
651 0 |a Petersburg (Elbert County, Ga. : Ghost town) 
651 0 |a Broad River (Franklin County-Elbert County, Ga.)  |x History. 
650 7 |a HISTORY  |z United States  |x State & Local  |x South (AL, AR, FL, GA, KY, LA, MS, NC, SC, TN, VA, WV)  |2 bisacsh 
651 7 |a Georgia  |z Broad River (Franklin County-Elbert County)  |2 fast  |0 (OCoLC)fst01939561 
655 7 |a Electronic books.  |2 local 
655 7 |a History.  |2 fast  |0 (OCoLC)fst01411628 
700 1 |a Hébert, Keith S.,  |e author of foreword. 
710 2 |a JSTOR (Organization) 
776 0 8 |i Print version:  |a Coulter, E. Merton (Ellis Merton), 1890-1981.  |t Old Petersburg and the Broad River Valley of Georgia.  |d Athens : University of Georgia Press, 2021  |z 0820359939  |z 9780820359939  |w (OCoLC)1266220261 
856 4 0 |u https://www.jstor.org/stable/10.2307/j.ctv21d62m7  |z Connect to the full text of this electronic book  |t 0 
955 |a JSTOR Open Access ebooks 
994 |a 92  |b TXA 
999 f f |s 030d59ea-e282-4403-847a-3a1f8235392b  |i c5ce9152-39c4-4496-9bf0-cdde7a084ebb  |t 0 
952 f f |a Texas A&M University  |b College Station  |c Electronic Resources  |d Available Online  |t 0  |e F294.G88 C6  |h Library of Congress classification 
998 f f |a F294.G88 C6  |t 0  |l Available Online